ბათუმის შოთა რუსთაველის სახელმწიფო უნივერსიტეტის ბიბლიოთეკა

Edukacja i gospodarka / (ბიბ.ჩანაწერი № 36917)

000 -LEADER
fixed length control field 00563nam a2200217Ia 4500
001 - CONTROL NUMBER
control field 2868
003 - CONTROL NUMBER IDENTIFIER
control field GE_BSU
005 - DATE AND TIME OF LATEST TRANSACTION
control field 20190612142655.0
008 - FIXED-LENGTH DATA ELEMENTS--GENERAL INFORMATION
fixed length control field 181216s||||||||pl |||||||||||||| ||pol||
020 ## - INTERNATIONAL STANDARD BOOK NUMBER
International Standard Book Number 9788362505128
040 ## - CATALOGING SOURCE
Transcribing agency GE_BSU
041 ## - LANGUAGE CODE
Language code of text/sound track or separate title pol
080 ## - UNIVERSAL DECIMAL CLASSIFICATION NUMBER
Universal Decimal Classification number 33(174) E-25
245 ## - TITLE STATEMENT
Title Edukacja i gospodarka /
Statement of responsibility, etc. RED.TADEUSZ OKRASA.
250 ## - EDITION STATEMENT
Edition statement Zeszyt 6
264 ## - PRODUCTION, PUBLICATION, DISTRIBUTION, MANUFACTURE, AND COPYRIGHT NOTICE
Place of production, publication, distribution, manufacture Warszawa,
Date of production, publication, distribution, manufacture, or copyright notice 2011.
300 ## - PHYSICAL DESCRIPTION
Extent 359 p. ;
Other physical details 24 cm.
653 ## - INDEX TERM--UNCONTROLLED
keyword ეკონომიკა
700 ## - ADDED ENTRY--PERSONAL NAME
Personal name OKRASA, TADEUSZ
Relator term რედაქტორი
9 (RLIN) 2444
942 ## - ADDED ENTRY ELEMENTS (KOHA)
Koha item type წიგნი
Source of classification or shelving scheme
ეგზემპლარები
Withdrawn status Lost status Source of classification or shelving scheme Damaged status Not for loan Permanent Location Current Location Shelving location Date acquired Full call number Barcode Date last seen Copy number Price effective from Koha item type Public note
          ბათუმის შოთა რუსთაველის სახელმწიფო უნივერსიტეტის მთავარი ბიბლიოთეკა ბათუმის შოთა რუსთაველის სახელმწიფო უნივერსიტეტის მთავარი ბიბლიოთეკა წიგნსაცავი 2018-12-17 33(174) E-25 4830 2018-12-17 4830 2018-12-17 წიგნი